| 000 | 00942nam a2200253Ia 4500 | ||
|---|---|---|---|
| 003 | OSt | ||
| 005 | 20220923225114.0 | ||
| 006 | a|||||r|||| 00| 0 | ||
| 007 | ta | ||
| 008 | 220922b |||||||| |||| 00| 0 hin d | ||
| 024 | _a257,445 | ||
| 037 | _cTextual | ||
| 040 |
_aARTS _cARTS _bhin |
||
| 041 |
_2hin _ahin |
||
| 082 | _a2:51, 152N6 | ||
| 100 |
_aशर्मा, पांडेय एस. के. _9160336 |
||
| 245 | 0 | _aसरलीकृत पुस्तकालय वर्गीकरण सिद्धांत | |
| 246 | _aSaralīkṛut pustakālaya vargīkaraṇ siddhāanta | ||
| 260 |
_aदिल्ली _b ज्ञान गंगा _c1996 |
||
| 300 |
_a239पृ. _ccm. |
||
| 650 |
_aपुस्तकालय-सूचना प्रौद्योगिकी _9158639 |
||
| 942 |
_h2:51, 152N6 _cTEXL _2CC |
||
| 999 |
_c376100 _d376100 |
||